Rappeurs cagoulés - Statistiques

Statistiques générales
  • Ce quiz a été pris 39 fois
  • Le résultat moyen est 7 sur 20
Statistiques - réponses
Par images Réponse % Correct
Kalash Criminel
97%
Kerchak
71%
Menace Santana
66%
Nepal
66%
Ziak
60%
Houdi
57%
TK
54%
Ashe 22
49%
Kekra
43%
Oboy
40%
KLM
34%
La Hasba
29%
Dexter HMC
17%
Konieur
17%
Scott
11%
Shippeur
9%
Kosra
6%
Lagui
6%
M Huncho
6%
Zaza 1.7
6%
Aucun quiz correspondant
Distribution des résultats
% des personnes avec chaque résultat
Percentile par nombre de réponses
Votre historique - résultats
Vous n’avez pas pris ce quiz